000 00288nam a22001217a 4500
008 170223b xxu||||| |||| 00| 0 eng d
041 _aeng
080 _a616.31
100 _a5
101 _aSHK
245 _aSURGICAL MANAGEMENT OF CEREBROVASCULAR DISEASE
_cOJEMANN, R.G
942 _2udc
_cBK
999 _c6138
_d6138